000 00814nam a2200265 a 4500
001 BRCA_1863
005 20190320203559.0
008 060608s1967----ag-a---###---#000-0#spa-#
041 _aspa
044 _aag
050 4 _aAM5
_b.S36 1967
100 1 _aSánchez de Madrid, Nilda
_95776
245 1 0 _aLos museos y la enseñanza de la historia
_cNilda Sánchez de Madrid.
260 _aBuenos Aires
_bMnemonia
_c1967
300 _a67 p.
_c22 cm.
440 0 _aInvestigación museográfica
_v1
_95777
500 _aEjemplar engargolado
500 _aPor política no se presta a domicilio
505 0 _aContenido: Técnica de una visita guiada / Miguel A. Madrid
650 1 4 _aMuseos
_9144
700 1 _aMadrid, Miguel A.
_95778
740 0 _aTécnica de una visita guiada
902 _aeng
942 _2lcc
_cB
999 _c1641
_d1641